| 000 | 01308nam a2200253Ia 4500 | ||
|---|---|---|---|
| 003 | Ost | ||
| 005 | 20260507075452.0 | ||
| 008 | 260507s9999||||xx |||||||||||||| ||und|| | ||
| 020 | _a57371199579 | ||
| 040 | _cfsecg | ||
| 041 | _aara | ||
| 082 | _a330 | ||
| 100 |
_aالقريشي، مدحت _eمؤلف |
||
| 245 | 0 |
_aتطور الفكر الاقتصادي / _c مدحت القريشي |
|
| 260 |
_aعمان: _bدار وائل للنشر و التوزيع, _c2008 |
||
| 300 |
_a330 صفحة؛ _c24 سم |
||
| 504 | _aبيبليوغرافيا ص.327 | ||
| 520 | _aتحدث عن البدايات العلمية للفكر الإقتصادي و تطور مفهوم علم الإقتصاد وفائدة دراسة تطور الفكر ، و تناول الفكر الإقتصادي الغربي في العصور الوسطى ،و قواعد و قادة الفكر الإقتصادي الإسلامي في العصور الوسطى ، و بعض المدارس الرأسمالية و الكلاسيكية و النيوكلاسيكية ،و التمهيد العلمي للإقتصاد السياسي | ||
| 653 | _aالاقتصاد المالي | ||
| 653 | _aالفكر الاقتصادي | ||
| 653 | _aالنظريات اقتصادية | ||
| 653 | _aمذاهب اقتصادية | ||
| 942 | _cكتاب | ||
| 999 |
_c44636 _d44636 |
||